| 000 | 00318nam a22001217a 4500 | ||
|---|---|---|---|
| 020 | _aNA | ||
| 082 |
_222 _a908.91418 |
||
| 100 | _aDorji CT. | ||
| 245 | _aSources of bhutanese history / | ||
| 260 |
_aProminent Publisher's, Delhi _bProminent Publisher's, Delhi _cc2004 |
||
| 300 |
_a99 p,; _bNA _c24cm. |
||
| 942 |
_2ddc _cGEN |
||
| 999 |
_c1802 _d1802 |
||